A Textbook of Organic Chemistry/ (Record no. 175094)
[ view plain ]
| 000 -LEADER | |
|---|---|
| fixed length control field | 00627nam a22002057a 4500 |
| 005 - DATE AND TIME OF LATEST TRANSACTION | |
| control field | 20200807103257.0 |
| 010 ## - LCCN (DPL NO) | |
| LC control number | ENG-128317 |
| 020 ## - INTERNATIONAL STANDARD BOOK NUMBER | |
| Terms of availability | 475.00 |
| International Standard Book Number | 9789352837304 |
| 035 ## - SYSTEM CONTROL NUMBER | |
| System control number | EN-111849 |
| 037 ## - SOURCE OF ACQUISITION | |
| Source of stock number/acquisition | DBAD/PUB |
| 082 ## - DEWEY DECIMAL CLASSIFICATION NUMBER | |
| Classification number | 547 |
| 100 ## - MAIN ENTRY--PERSONAL NAME | |
| Personal name | Bahi,Arun |
| 245 ## - TITLE STATEMENT | |
| Title | A Textbook of Organic Chemistry/ |
| Statement of responsibility, etc | by Arun Bahl, B S Bahl |
| 250 ## - EDITION STATEMENT | |
| Edition statement | 22nd ed. |
| 260 ## - PUBLICATION, DISTRIBUTION, ETC. (IMPRINT) | |
| Place of publication, distribution, etc | New Delhi |
| Name of publisher, distributor, etc | S.Chand |
| Date of publication, distribution, etc | 2019 |
| 270 ## - ADDRESS | |
| Address | Head Office:7361,Ram Nagar,Qutab Rord |
| City | New Delhi |
| Postal code | 110055 |
| Telephone number | 23672080 |
| Fax number | 91-11-23677446 |
| Electronic mail address | info@schandpublishing.com |
| 300 ## - PHYSICAL DESCRIPTION | |
| Extent | 1108p. |
| Dimensions | 24cm(pbk) |
| 700 ## - ADDED ENTRY--PERSONAL NAME | |
| Personal name | Bahl,B S |
| 942 ## - ADDED ENTRY ELEMENTS (KOHA) | |
| Source of classification or shelving scheme | Dewey Decimal Classification |
| Item type | English Books |
| Classification part | 547 |
| Call number suffix | BAH |
| Withdrawn status | Lost status | Not for loan | Collection code | Home library | Current library | Date acquired | Source of acquisition | Cost, normal purchase price | Full call number | Barcode | Copy number | Cost, replacement price | Koha item type |
|---|---|---|---|---|---|---|---|---|---|---|---|---|---|
| Non-fiction | Ashok Vihar | Ashok Vihar | 07/08/2020 | DBAD/PUB | 475.00 | 547 BAH | EN-111849 | 1 | 475.00 | English Books |
